<?xml version="1.0" encoding="UTF-8"?><?xml-stylesheet type="text/xsl" href="static/style.xsl"?><OAI-PMH xmlns="http://www.openarchives.org/OAI/2.0/" xmlns:xsi="http://www.w3.org/2001/XMLSchema-instance" xsi:schemaLocation="http://www.openarchives.org/OAI/2.0/ http://www.openarchives.org/OAI/2.0/OAI-PMH.xsd"><responseDate>2026-06-01T04:19:46Z</responseDate><request verb="GetRecord" identifier="oai:riuma.uma.es:10630/23366" metadataPrefix="marc">https://riuma.uma.es/rest/oai/request</request><GetRecord><record><header><identifier>oai:riuma.uma.es:10630/23366</identifier><datestamp>2026-02-03T10:23:35Z</datestamp><setSpec>com_10630_1685</setSpec><setSpec>col_10630_38055</setSpec></header><metadata><record xmlns="http://www.loc.gov/MARC21/slim" xmlns:dcterms="http://purl.org/dc/terms/" xmlns:doc="http://www.lyncode.com/xoai" xmlns:xsi="http://www.w3.org/2001/XMLSchema-instance" xsi:schemaLocation="http://www.loc.gov/MARC21/slim http://www.loc.gov/standards/marcxml/schema/MARC21slim.xsd">
   <leader>00925njm 22002777a 4500</leader>
   <datafield ind2=" " ind1=" " tag="042">
      <subfield code="a">dc</subfield>
   </datafield>
   <datafield ind2=" " ind1=" " tag="720">
      <subfield code="a">López-Montilla, Noelia</subfield>
      <subfield code="e">author</subfield>
   </datafield>
   <datafield ind2=" " ind1=" " tag="260">
      <subfield code="c">2021</subfield>
   </datafield>
   <datafield ind2=" " ind1=" " tag="520">
      <subfield code="a">La Teoría de la Mente (ToM) se define como la habilidad de atribuir estados mentales &#xd;
para así comprender y predecir la conducta de otros. Los estudios sobre ToM en adultos &#xd;
mayores muestran datos contradictorios debido a que las habilidades cognitivas subyacentes a &#xd;
los distintos componentes de ToM (ToM Implícita, ToM Explícita) evolucionan de forma &#xd;
diferente con la edad y la experiencia. Este estudio pretende analizar el papel de la memoria de &#xd;
trabajo, la reserva cognitiva y la actividad actual en los cambios en ToM implícita asociados a &#xd;
la edad. Se ha examinado una muestra de adultos mayores sanos (N= 157) de entre 58 y 87 años &#xd;
procedentes de la provincia de Málaga. Los instrumentos utilizados para la evaluación han sido &#xd;
el Test de Lectura de la Mente en los Ojos, la subescala Dígitos del WAIS-III y un cuestionario &#xd;
de actividad social y cognitiva. Los resultados indican que la ToM implícita disminuye con la &#xd;
edad, aunque quienes mantienen mejor memoria de trabajo rinden significativamente mejor, es &#xd;
decir, la memoria de trabajo (asociada al nivel de estudios y la actividad no social actual) ejerce &#xd;
de factor protector. Además, la experiencia de interacción social (pasada y presente) está &#xd;
directamente relacionada con la habilidad de ToM implícita. Estos resultados son de relevancia &#xd;
para el desarrollo de programas de intervención para la promoción de la cognición social en &#xd;
adultos mayores.</subfield>
   </datafield>
   <datafield ind1="8" ind2=" " tag="024">
      <subfield code="a">https://hdl.handle.net/10630/23366</subfield>
   </datafield>
   <datafield tag="653" ind2=" " ind1=" ">
      <subfield code="a">Envejecimiento</subfield>
   </datafield>
   <datafield tag="653" ind2=" " ind1=" ">
      <subfield code="a">Interacción social</subfield>
   </datafield>
   <datafield ind2="0" ind1="0" tag="245">
      <subfield code="a">Teoría de la mente implícita en adultos mayores. El papel de la  reserva cognitiva y del perfil de actividad social y cognitiva. / Implicit theory of mind in older adults. The role of cognitive reserve and social  and cognitive activity profile.</subfield>
   </datafield>
</record>
</metadata></record></GetRecord></OAI-PMH>